000 00423nam a2200181Ia 4500
001 9067
005 20260306160656.0
008 260306t1972||||xx |||||||||||||| ||spa||
041 _aESP
082 _a372.5
_bM86
100 _aMorales, Olga,
_eAUT
245 0 _aEl niño y su expresión plástica
260 _c1972
300 _a154 páginas :
_c18 cm.
650 _aGEN
654 _aCED
942 _cLIB
_dJUS
_fJUS
_2ddc
_n
999 _c9067
_d9067